000
00308nam a2200109Ia 4500
008
200302s9999 xx 000 0 und d
100
_a
Channa Daswatte and Other
245
_a
Sri Lanka Style Tropical Design and Architecture
260
_b
Periplus Editons Ltd., Publishied
260
_c
2006
300
_a
208 P.,
999
_c
3937
_d
3937